000 00703nam a2200193 a 4500
003 BD-DhJNU
005 20250106090839.0
008 891020s2008 bg a rb f100 0 eng
020 _a9843000002860
040 _aBD-DhJNU
_bENG
_cBD-DhJNU
_dBD-DhJNU
082 0 0 _a030 ENC
_223
245 1 0 _aEncyclopedia of flora and fauna of Bangladesh :
_bcyanobacteria bacteria and fungi, Vol. : 2 /
_cedited by Kamal Uddin Siddiqui
260 _aDhaka :
_bAsiatic Society of Bangladesh,
_cc2008.
300 _axxxvi, 415 p. ;
_bill. :
_c25 cm.
490 _v Vol. : 2
504 _aIncludes bibliographical references and index.
650 0 _a Fauna- Encyclopedia -Bangladesh
700 _aSiddiqui, Kamal Uddin
_eEditor
999 _c1047
_d1047